[Event "Niedersachsen-ch Seniors op 10th"]
[Site "Bad Bevensen"]
[Date "2007.07.10"]
[Round "8"]
[White "Wesche, Guenther"]
[Black "Geibel, Henning"]
[Result "0-1"]
[WhiteElo "1358"]
[BlackElo "1224"]
[PlyCount "86"]
[EventDate "2007.07.03"]
[EventType "swiss"]
[EventRounds "9"]
[EventCountry "GER"]
[SourceTitle "EXT 2022"]
[Source "ChessBase"]
[SourceDate "2021.10.06"]
[SourceVersion "1"]
[SourceVersionDate "2021.10.06"]
[SourceQuality "1"]

1. g3 e5 2. Bg2 Bc5 3. e3 d5 4. Ne2 Nf6 5. h3 0-0 6. 0-0 e4 7. d4 Bd6 8. b3 Be6 9. Nd2 Qd7 10. Kh2 c5 11. c4 cxd4 12. Nxd4 Be5 13. Bb2 Nc6 14. cxd5 Bxd5 15. Rc1 Nb4 16. Ba3 a5 17. Bxb4 axb4 18. Rc2 Rfc8 19. Qb1 Rxc2 20. Nxc2 Qd6 21. Rd1 h5 22. Nxe4 Nxe4 23. Bxe4 Ra5 24. Bf3 h4 25. e4 hxg3+ 26. Kg2 Qc5 27. Ne3 Be6 28. Rd2 gxf2 29. Ng4 Bxg4 30. Rd5 Bxf3+ 31. Kxf3 Qa7 32. Rxa5 Qxa5 33. Kxf2 Qb6+ 34. Ke2 Qh6 35. Qd3 Qf4 36. Qd8+ Kh7 37. Qd5 Qh2+ 38. Kd1 Bc3 39. Qd3 Qxa2 40. e5+ g6 41. Qd5 Qa1+ 42. Ke2 Qe1+ 43. Kf3 Qh1+ 0-1

[Event "Niedersachsen-ch Seniors op 09th"]
[Site "Bad Bevensen"]
[Date "2006.06.26"]
[Round "3"]
[White "Wesche, Guenther"]
[Black "Berg, Gerd"]
[Result "0-1"]
[WhiteElo "1412"]
[BlackElo "1406"]
[PlyCount "114"]
[EventDate "2006.06.24"]
[EventType "swiss"]
[EventRounds "9"]
[EventCountry "GER"]
[SourceTitle "EXT 2022"]
[Source "ChessBase"]
[SourceDate "2021.10.06"]
[SourceVersion "1"]
[SourceVersionDate "2021.10.06"]
[SourceQuality "1"]

1. g3 d5 2. Bg2 Nf6 3. e3 e5 4. Ne2 Be7 5. d3 0-0 6. 0-0 c6 7. Nd2 Qc7 8. b3 Rd8 9. Bb2 Bg4 10. h3 Bh5 11. Qe1 Nbd7 12. f4 Bxe2 13. Qxe2 exf4 14. exf4 Bc5+ 15. d4 Re8 16. Qf3 Bd6 17. c4 Bb4 18. Qd3 Bxd2 19. Qxd2 Ne4 20. Qd3 Ndf6 21. cxd5 cxd5 22. Rac1 Qa5 23. a3 Qd2 24. Qc2 Qxc2 25. Rxc2 Nxg3 26. Rff2 h5 27. f5 Rac8 28. Kh2 Rxc2 29. Rxc2 Nxf5 30. Rf2 Ne3 31. Bf3 Ne4 32. Bxe4 Rxe4 33. Kg3 Nd1 34. Rd2 Nxb2 35. Rxb2 Rxd4 36. Rf2 g6 37. Rf3 Kg7 38. Kf2 Re4 39. Rd3 d4 40. Kf3 Re3+ 41. Rxe3 dxe3 42. Kxe3 f5 43. Kf4 Kf6 44. h4 b5 45. a4 a6 46. Ke3 Ke5 47. Kd3 f4 48. Ke2 Kf5 49. Kf3 g5 50. hxg5 Kxg5 51. Kg2 Kg4 52. Kf2 h4 53. Kg2 h3+ 54. Kf2 h2 55. Kg2 h1Q+ 56. Kxh1 Kf3 57. Kg1 Ke2 0-1

[Event "Schleswig Holstein-ch Seniors 60th"]
[Site "Germany"]
[Date "2005.10.12"]
[Round "3"]
[White "Kolander, Juergen"]
[Black "Wesche, Guenther"]
[Result "1-0"]
[WhiteElo "1592"]
[BlackElo "1441"]
[PlyCount "81"]
[EventDate "2005.10.10"]
[EventType "swiss"]
[EventRounds "9"]
[EventCountry "GER"]
[SourceTitle "EXT 2010"]
[Source "ChessBase"]
[SourceDate "2010.11.25"]
[SourceVersion "1"]
[SourceVersionDate "2010.11.25"]
[SourceQuality "1"]

1. e4 g6 2. d4 Bg7 3. Nc3 e6 4. f4 d6 5. Nf3 Ne7 6. Be3 Nd7 7. Qd2 b6 8. 0-0-0 0-0 9. g4 h6 10. h4 f6 11. f5 exf5 12. gxf5 h5 13. Bc4+ Kh7 14. Be6 Nb8 15. fxg6+ Nxg6 16. Bf5 Bxf5 17. exf5 Ne7 18. Qg2 Nxf5 19. Rdg1 Qe8 20. Bf4 Rg8 21. Re1 Qd7 22. Rhg1 Qf7 23. Qh3 Nh6 24. d5 Ng4 25. Nd4 Bh6 26. Bxh6 Nxh6 27. Rxg8 Qxg8 28. Re7+ Kh8 29. Qe3 Qg6 30. Re8+ Ng8 31. Nc6 Nxc6 32. Rxa8 Ne5 33. Nb5 Kh7 34. Rxa7 Kh8 35. Rxc7 Qf5 36. b3 Qf1+ 37. Kb2 Qxb5 38. Rc8 Ng4 39. Qe6 N4h6 40. Qxf6+ Kh7 41. Rc7+ 1-0

[Event "Schleswig Holstein-ch Seniors 60th"]
[Site "Germany"]
[Date "2005.10.11"]
[Round "2"]
[White "Wesche, Guenther"]
[Black "Nickel, Juergen"]
[Result "1/2-1/2"]
[WhiteElo "1441"]
[BlackElo "1769"]
[PlyCount "120"]
[EventDate "2005.10.10"]
[EventType "swiss"]
[EventRounds "9"]
[EventCountry "GER"]
[SourceTitle "EXT 2010"]
[Source "ChessBase"]
[SourceDate "2010.11.25"]
[SourceVersion "1"]
[SourceVersionDate "2010.11.25"]
[SourceQuality "1"]

1. c4 Nf6 2. Nc3 e6 3. g3 Be7 4. Bg2 0-0 5. d4 d5 6. cxd5 exd5 7. Bg5 c6 8. e3 h6 9. Bxf6 Bxf6 10. Nge2 Bf5 11. 0-0 Nd7 12. f3 Re8 13. e4 dxe4 14. fxe4 Bg4 15. e5 Be7 16. h3 Be6 17. Nf4 Bf8 18. Qf3 Nb6 19. Nxe6 fxe6 20. Qf7+ Kh8 21. Rad1 Re7 22. Qg6 Qe8 23. Qxe8 Raxe8 24. b3 Kg8 25. Rf2 Rd7 26. Ne2 Bc5 27. Rff1 Red8 28. Rf4 Nc8 29. h4 Bb6 30. Bh3 Re7 31. Re4 a6 32. Nf4 Rde8 33. Rf1 Ba7 34. Kh2 Nb6 35. Ng6 Rf7 36. Rxf7 Kxf7 37. h5 Nd5 38. Re1 Nc7 39. Rd1 Rd8 40. Rf1+ Kg8 41. Bg2 Re8 42. Rf4 Nb5 43. Bh3 Nxd4 44. Kg2 a5 45. g4 Bc5 46. Nh4 Rd8 47. Nf3 Nc2 48. Kg3 Nb4 49. g5 Re8 50. gxh6 Be3 51. Bxe6+ Rxe6 52. h7+ Kxh7 53. Ng5+ Kg8 54. Nxe6 Bxf4+ 55. Nxf4 Nxa2 56. Nd3 Nc3 57. Kg4 b5 58. Nc5 a4 59. bxa4 bxa4 60. Nxa4 Nxa4 1/2-1/2

[Event "Norderstedt op 5th"]
[Site "Norderstedt"]
[Date "2005.03.28"]
[Round "7.19"]
[White "Wesche, Guenther"]
[Black "Maiorov, Daniel"]
[Result "0-1"]
[WhiteElo "1438"]
[BlackElo "1648"]
[PlyCount "34"]
[EventDate "2005.03.27"]
[EventType "swiss"]
[EventRounds "7"]
[EventCountry "GER"]
[SourceTitle "EXT 2006"]
[Source "ChessBase"]
[SourceDate "2005.11.24"]
[SourceVersion "1"]
[SourceVersionDate "2005.11.24"]
[SourceQuality "1"]

1. g3 d5 2. Bg2 e5 3. e3 Nf6 4. Ne2 Nc6 5. 0-0 Bf5 6. h3 Qd7 7. Kh2 h5 8. d4 e4 9. f3 Bd6 10. f4 h4 11. g4 Be6 12. Kg1 Bxg4 13. hxg4 Qxg4 14. Kh2 h3 15. Bh1 Qh4 16. Qe1 Ng4+ 17. Kg1 h2+ 0-1

[Event "Norderstedt op 5th"]
[Site "Norderstedt"]
[Date "2005.03.27"]
[Round "4.22"]
[White "Gharibyan, Harutyun"]
[Black "Wesche, Guenther"]
[Result "1-0"]
[WhiteElo "1676"]
[BlackElo "1438"]
[PlyCount "79"]
[EventDate "2005.03.27"]
[EventType "swiss"]
[EventRounds "7"]
[EventCountry "GER"]
[SourceTitle "EXT 2006"]
[Source "ChessBase"]
[SourceDate "2005.11.24"]
[SourceVersion "1"]
[SourceVersionDate "2005.11.24"]
[SourceQuality "1"]

1. e4 g6 2. d4 Bg7 3. c4 d6 4. Nc3 Nd7 5. f4 e6 6. Nf3 Ne7 7. Be2 b6 8. 0-0 0-0 9. Be3 Bb7 10. Rc1 h6 11. Qe1 a6 12. Qg3 Qe8 13. Nh4 f5 14. e5 Kh7 15. Bf3 Bxf3 16. Nxf3 Rg8 17. Qh4 Nc6 18. Kh1 Rh8 19. Rg1 Bf8 20. g4 Be7 21. Qg3 Qf7 22. d5 Nb4 23. Rgd1 a5 24. a3 Na6 25. Nd4 Nac5 26. Rb1 Rag8 27. b4 Ne4 28. Nxe4 fxe4 29. Nxe6 dxe5 30. fxe5 Qf3+ 31. Qxf3 exf3 32. c5 bxc5 33. bxc5 Bh4 34. Kg1 Re8 35. Bf2 Bxf2+ 36. Kxf2 c6 37. Rb6 Nxc5 38. Nxc5 Rxe5 39. Rb7+ Kg8 40. d6 1-0